Propuesta de un nuevo sistema de tratamiento de aguas residuales para una empresa fabricante de pinturas
Uloženo v:
| Hlavní autor: | |
|---|---|
| Médium: | Kniha |
| Jazyk: | Spanish |
| Vydáno: |
San José, Costa Rica
2017
|
| Témata: | |
| Tagy: |
Přidat tag
Žádné tagy, Buďte první, kdo vytvoří štítek k tomuto záznamu!
|
MARC
| LEADER | 00000nam a22000007a 4500 | ||
|---|---|---|---|
| 003 | 012286 | ||
| 005 | 20221231144256.0 | ||
| 008 | 180118b2017 cr a|||| m||| 00| ||spa d | ||
| 040 | |c cru CEDI | ||
| 090 | |a TFG 7977 | ||
| 100 | |9 10857 |a Salas Chaverri, Mónica | ||
| 245 | |a Propuesta de un nuevo sistema de tratamiento de aguas residuales para una empresa fabricante de pinturas | ||
| 260 | |a San José, Costa Rica |c 2017 | ||
| 300 | |a xi, 120[6] hojas ; ilustraciones | ||
| 500 | |a Proyecto de graduación (licenciatura en ingeniería química)--Universidad de Costa Rica. Facultad de Ingeniería. Escuela de Ingeniería Química | ||
| 650 | |x PURIFICACION DE AGUAS RESIDUALES |x AGUAS RESIDUALES |x NORMAS |x TRATAMIENTO DEL AGUA |9 10858 | ||
| 942 | |c TFG | ||
| 999 | |c 19441 |d 19441 | ||
